000 00259nam a2200109Ia 4500
008 230312s9999||||xx |||||||||||||| ||und||
082 _a659.111
_bBAR-A
100 _aBaron b. roger
245 0 _aAdvertising media planning
650 _aManagement
942 _cBK
999 _c14703
_d14703